Intermediate college mechanics : (Record no. 8793)
[ view plain ]
| 000 -LEADER | |
|---|---|
| fixed length control field | 00683nam a22002531 4500 |
| 001 - CONTROL NUMBER | |
| JCCL Control Number | 8793 |
| 003 - CONTROL NUMBER IDENTIFIER | |
| JCCL marc code | BD-JhCC |
| 005 - DATE AND TIME OF LATEST TRANSACTION | |
| control field | 20220525134023.0 |
| 008 - FIXED-LENGTH DATA ELEMENTS--GENERAL INFORMATION | |
| fixed length control field | 861112s1952 nyua 000 0 eng |
| 035 ## - SYSTEM CONTROL NUMBER | |
| system control number | (BD-JhCC)8793 |
| 040 ## - CATALOGING SOURCE | |
| Original cataloging agency | DLC/ICU |
| Transcribing agency | ICU |
| Modifying agency | DLC |
| 041 ## - LANGUAGE CODE | |
| Language code of Book | eng |
| 050 00 - LIBRARY OF CONGRESS CALL NUMBER | |
| Classification number | QA805 |
| Item number | .C55 |
| 082 00 - DEWEY DECIMAL CLASSIFICATION NUMBER | |
| Classification number | 531 |
| Author mark and Year | CHR 1952 |
| 100 1# - MAIN ENTRY--PERSONAL NAME | |
| Personal name | Christie, Dan E. |
| Fuller form of name | (Dan Edwin), |
| Dates associated with a name | 1915- |
| 245 10 - TITLE STATEMENT | |
| Title | Intermediate college mechanics : |
| Remainder of title | a vectorial treatment / |
| Statement of responsibility, etc | Dan Edwin Christie |
| 250 ## - EDITION STATEMENT | |
| Edition statement | 1st ed. |
| 260 ## - PUBLICATION, DISTRIBUTION, ETC. (IMPRINT) | |
| Place of publication, distribution, etc | New York, |
| Name of publisher, distributor, etc | McGraw-Hill, |
| Date of publication, distribution, etc | 1952. |
| 300 ## - PHYSICAL DESCRIPTION | |
| Pagination | 454 p. |
| Other physical details | illus. |
| Dimensions | 24 cm. |
| 650 #0 - SUBJECT ADDED ENTRY--TOPICAL TERM | |
| Topical term or geographic name as entry element | Mechanics. |
| 650 #0 - SUBJECT ADDED ENTRY--TOPICAL TERM | |
| Topical term or geographic name as entry element | Vector analysis. |
| 942 ## - ADDED ENTRY ELEMENTS (KOHA) | |
| Source of classification or shelving scheme | Dewey Decimal Classification |
| Koha item type | Books |
| Koha issues (borrowed), all copies | 2 |
| Source of classification or shelving scheme | Damaged status | Not for loan | Home library | Current library | Shelving location | Date of accession | Total Checkouts | Full call number | Barcode | Date last seen | Date checked out | Copy number | Koha item type |
|---|---|---|---|---|---|---|---|---|---|---|---|---|---|
| Dewey Decimal Classification | JCC Rouf Library | JCC Rouf Library | General Stacks | 03/04/2018 | 1 | 531 CHR 1952 | 11596 | 06/07/2022 | 05/24/2022 | C - 1 | Books |